| 000 | 01102cad a22002055a 4500 | ||
|---|---|---|---|
| 001 | L151655 | ||
| 008 | 101125s2010 xxk f 000 0 eng d | ||
| 035 | _a(Sirsi) u151655 | ||
| 041 | 0 | _aeng | |
| 050 | 0 | 4 | _a692.8 $1 8 |
| 110 | 2 |
_aNational Federation of Builders _94086 |
|
| 245 | 0 | 0 |
_aProcurement _bthe roadblocks to success _h[electronic resource] |
| 260 |
_aCrawley _bNFB _c2010 |
||
| 520 | _aThe report of a major survey into construction industry procurement; examines the effects of the implementation of public sector procurement policy on SMEs across construction sectors and identifies early trends; the survey was undertaken by the National Federation of Builders with the participation of the Federation of Master Builders, the Electrical Contractors Association and the National Specialist Contractors Council. | ||
| 590 | _aKA NTK | ||
| 651 | 4 |
_aUnited Kingdom _y |
|
| 690 |
_aProcurement _96260 |
||
| 856 | 4 | 0 |
_uhttps://www.builders.org.uk/resources/nfb/000/293/007/NFB_Procurement_Survey_2010_lores.pdf _zView the item free of charge at www.builders.org.uk/nfb09/home.eb |
| 942 | _n0 | ||
| 999 |
_c111518 _d111518 |
||